000
00297nam a22001337a 4500
008
181011b xxu||||| |||| 00| 0 eng d
020
_a
9780324220988
041
_a
eng
080
_a
338
100
_a
53
101
_a
MNG
245
_a
Accounting Information Systems
_c
Gelinas
942
_2
udc
_c
BK
999
_c
49431
_d
49431